| 000 | 00694nam a2200217 a 4500 | ||
|---|---|---|---|
| 999 |
_c5851 _d5851 |
||
| 001 | 5851 | ||
| 003 | BD-JhCC | ||
| 005 | 20180102170322.0 | ||
| 008 | 171228s1964 bg |||| ||a| 000 0 ben d | ||
| 035 | _a(BD-JhCC)5851 | ||
| 040 |
_aBD-JhCC _dBD-JhCC |
||
| 041 | _aben | ||
| 082 |
_a512 _bKAS 1964 |
||
| 100 | _aকাশেম, আবুল | ||
| 245 |
_aমাধ্যমিক এলজেবরা ১১তম শ্রেণীর জন্য / _cআবুল কাশেম |
||
| 260 |
_aঢাকা : _bকামরুল আহসান এন্ড ব্রাদার্স, _c1964. |
||
| 300 |
_a248 p. : _c22 cm. |
||
| 650 | _aAlgebra | ||
| 942 |
_2ddc _cBK |
||